Women behind Mahatma Gandhi (Record no. 374518)

000 -LEADER
fixed length control field 00379cam a22001457a 4500
008 - FIXED-LENGTH DATA ELEMENTS--GENERAL INFORMATION
fixed length control field 180718b1954 xxu||||| |||| 00| 0 eng d
082 ## - DEWEY DECIMAL CLASSIFICATION NUMBER
Classification number A98x54 M846
100 ## - MAIN ENTRY--PERSONAL NAME
Personal name Morton, Eleenor
245 ## - TITLE STATEMENT
Title Women behind Mahatma Gandhi
Statement of responsibility, etc. by Eleenor Morton
260 ## - PUBLICATION, DISTRIBUTION, ETC.
Place of publication, distribution, etc. London
Name of publisher, distributor, etc. Reinhardt
Date of publication, distribution, etc. 1954
300 ## - PHYSICAL DESCRIPTION
Extent 271p.
440 ## - SERIES STATEMENT/ADDED ENTRY--TITLE
Title bibl.
500 ## - GENERAL NOTE
General note 18/-
650 ## - SUBJECT ADDED ENTRY--TOPICAL TERM
Topical term or geographic name entry element Women - India - Biography
Holdings
Withdrawn status Lost status Damaged status Not for loan Permanent Location Current Location Date acquired Full call number Barcode Date last seen Price effective from Koha item type
        Indian Institute of Public Administration Indian Institute of Public Administration 1994-06-28 A98x54 M846 14540 2018-07-21 2018-07-21 Book

Powered by Koha